01619nam a22002537a 45000010005000000030006000050050017000110080041000280200018000690400029000870500019001160820010001351000023001452450065001682500035002332600038002683000024003064900027003305200809003576500034011669420015012009990015012159520135012309695FISKH20260129160734.0260129b cb ||||| |||| 00| 0 eng d a9781399633833 aFISKHbengcFISKHdFISKH aPZ7.1 .G368 .F a813.6 aGarber, Stephanie  aFinale : bAll games must come to an end /cStephanie Garber aThis edition published in 2025 aGreat Britain : bLondon, c2019  a468 pages : c20 cm aCaraval : vBook Three aA love worth fighting for. A dream worth dying for. An ending worth waiting for. It's been two months since the Fates were freed from a deck of cards, two months since Legend claimed the throne for his own, and two months since Tella discovered the boy she fell in love with doesn't really exist. With lives, empires, and hearts hanging in the balance, Tella must decide if she's going to trust Legend or a former enemy. After uncovering a secret that upends her life, Scarlett will need to do the impossible. And Legend has a choice to make that will forever change and define him. Caraval is over, but perhaps the greatest game of all has begun. There are no spectators this time: only those who will win, and those who will lose everything. Welcome, welcome to Finale. All games must come to an end... aFantasyvYoung AdultxRomance 2ddccBKn0 c9695d9695 00102ddc40708FICa001b001cATKSFd2026-01-29l0oGAR 813.6 PZ7.1 .G368 .F p2026-0207r2026-01-29 16:08:15t1w2026-01-29yBK